|
|
|
|
| LEADER |
00000nam0a2200000 4500 |
| 001 |
114493 |
| 005 |
20231031122253.0 |
| 010 |
|
|
|a 5976300146
|
| 035 |
|
|
|a (RuTPU)RU\TPU\book\123802
|
| 090 |
|
|
|a 114493
|
| 100 |
|
|
|a 20070423d2006 km y0rusy50 ca
|
| 101 |
1 |
|
|a rus
|c eng
|
| 102 |
|
|
|a RU
|
| 105 |
|
|
|a a z 001zy
|
| 200 |
1 |
|
|a Психические вирусы. Как программируют ваше сознание
|e пер. с англ.
|f Р. Броуди
|
| 210 |
|
|
|a Москва
|c Поколение
|d 2006
|
| 215 |
|
|
|a 304 с.
|c ил.
|
| 320 |
|
|
|a Библиогр.: с. 299-301.
|
| 330 |
|
|
|a Дерзкая и остроумная книга Ричарда Броуди переворачивает все, на чем до сих пор стояли психология, политология и менеджмент. Мышление и поведение человека, утверждает он, диктуются мемами. Мем — это психовирус, мыслеобраз. Он зарождается в нашем сознании и начинает самостоятельную жизнь. Он размножается и меняет наше поведение. Мемы бывают забавными, как покемоны, и безобидными, как мини-юбки, а бывают вредными, как еда из «Макдональдса», и даже зловещими, как фашизм. Мемы могут сделать вас счастливыми и богатыми, а могут — бедными и больными. Эта книга научит вас не только распознавать психовирусы, но и отделять хорошие мемы от плохих. Хватит подчиняться мемам — лучше заставьте их работать на вас!
|
| 610 |
1 |
|
|a психология
|
| 610 |
1 |
|
|a общение
|
| 610 |
1 |
|
|a сознание
|
| 610 |
1 |
|
|a мышление
|
| 610 |
1 |
|
|a программирование
|
| 610 |
1 |
|
|a психовирусы
|
| 610 |
1 |
|
|a мемы
|
| 686 |
|
|
|a Ю953
|v LBC/SL-A
|2 rubbk
|
| 700 |
|
1 |
|a Броуди
|b Р.
|g Ричард
|
| 801 |
|
1 |
|a RU
|b 63413507
|c 20070423
|g PSBO
|
| 801 |
|
2 |
|a RU
|b 63413507
|c 20120517
|g PSBO
|
| 942 |
|
|
|c BK
|